De Sacrosancto Missae Sacrificio Contra Impiam Disputationem Tubingę nuper à. Iacobo Herbrando propositam, atq; adeò contra peruersissimam Lvtheri, Kemnicii, aliorùmque nouatorum doctrinam, Tractatus

Bibliographic Details
Main Authors: Valencia, Gregorio de, 1551-1603 (Author, Dedicator), Heerbrand, Jakob, 1521-1600 (Author)
Corporate Author: Sartorius, David (Ingolstadt, Nemecko) (Printer)
Other Authors: Sartorius, David, 1529-1596 (Printer)
Format: Book
Language:Latin
PhysicalDescription:[10], 379, [1] strán 8° 15,5 × 10 cm
Published: Ingolstadii apud Davidem Sartorivm Anno M. D. LXXX. [=1580]
Subjects:

MARC

LEADER 00000nam a2200000 a 4500
001 vtls001516262
003 SK-MaSNL
005 20260302073853.0
008 251112s1580 gw f 010 0 lat
015 |a SNBHFA1580 
035 |a urn:nbn:sk:snk-am3iceg 
035 |a B3A41E8C-990B-4247-BB8F-289E5DE021A6 
035 |a urn:nbn:sk:snk-am00e2vh 
035 |a 7E5B75A9-41EC-4CC4-B866-1327B17C69DA 
035 |a urn:nbn:sk:snk-am00e2v3 
040 |a SNKHF  |b slo  |c SNK  |e AACR2 
041 0 |a lat 
044 |a gw  |c DE 
072 7 |a 2-1  |x Prirodzená teológia. Náboženská filozofia  |2 konspekt 
080 |a 2-1  |2 2011 
080 |a 27  |2 2011 
080 |a 94(437.6)  |2 2011 
100 1 |a Valencia, Gregorio de,  |d 1551-1603  |4 aut  |4 dto  |9 131099 
245 1 3 |a De Sacrosancto Missae Sacrificio Contra Impiam Disputationem Tubingę nuper à. Iacobo Herbrando propositam, atq; adeò contra peruersissimam Lvtheri, Kemnicii, aliorùmque nouatorum doctrinam, Tractatus  |c Avthore Gregorio De Valentia, D. Theol. Societatis Iesv 
246 3 8 |a De sacro sancto missae. 
246 3 8 |a Greg de Valenti de. Misa. Sacris. 
260 |a Ingolstadii  |b apud Davidem Sartorivm  |c Anno M. D. LXXX. [=1580] 
300 |a [10], 379, [1] strán  |c 8°  |c 15,5 × 10 cm 
500 |a Vinety, linky, iniciálky s ornamentálnym pozadím vo voľnom priestore na 3 a 4 riadky 
501 |a Príväzok 1.: VALENCIA, Gregorio de. De Idololatria. Ingolstadii : Apud Davidem Sartorivm, 1580.  |5 SNK ID 100843/prív.1 
504 |a Marginálie, kustody 
508 |a Dedikácia: Valencia, Gregorio de; Wilhelm V. - knieža bavorský, falcgróf rýnsky 
510 0 |a VD 16 V/106 
546 |a Latinčina  |b Antiqua  |b Kurzíva 
561 |a Z knižnice františkánov Bratislava. - Elipsovitá pečiatka Bibliotheca Prov. S. Mariae O. FF. M.  |5 SNK ID 100843 
561 |a Z knižnice františkánov Trnava. - Elipsovitá pečiatka Bibliotheca Prov. S. Mariae O. FF. M.  |5 SNK ID 100843/D1 
562 |a Rukopisný exlibris: Conts Tyrnavensis.  |5 SNK ID 100843/D1 
563 |a Väzba: pôvodná, bledá, hladká koža, stopy po šnúrkach.  |5 SNK ID 100843 
563 |a Väzba: modrá mramorová papierovo-kartónová lepenka s tmavohnedým koženým chrbtom, so zlatou jednoduchou ornamentálnou slepotlačou a textom.  |5 SNK ID 100843/D1 
650 0 7 |a teológia  |2 SNKPH  |9 1814 
650 0 7 |a kresťanstvo  |2 SNKPH  |9 2024 
650 0 7 |a rekatolizácia  |2 SNKPH  |9 29768 
700 1 |a Heerbrand, Jakob,  |d 1521-1600  |4 aut  |9 128155 
700 1 |a Luther, Martin,  |d 1483-1546  |4 aqt  |9 106834 
700 1 |a Sartorius, David,  |d 1529-1596  |4 prt  |9 172585 
700 0 |a Wilhelm  |b V.,  |c rýnsky falcgróf a bavorské knieža,  |d 1548-1626  |4 hnr  |9 181984 
700 1 |a Chemnitz, Martin,  |c starší,  |d 1522-1586  |4 aqt  |9 72000 
710 0 |a Sartorius, David (Ingolstadt, Nemecko),  |d 1571-1596  |4 prt  |9 305339 
710 1 |a Františkáni (Bratislava, Slovensko)  |4 fmo  |9 281881 
710 1 |a Františkáni (Trnava, Slovensko)  |4 fmo  |9 305289 
752 |a Nemecko  |d Ingolstadt 
852 |a snk  |b Františkáni Trnava  |p ID 100843/D1 
852 |a snk  |b Františkáni Bratislava  |p ID 100843 
958 |a ONDV 
999 |c 1162686  |d 1164616 
952 |t Fr Ba 1857  |a SNK  |b SNK  |c SNK_HF  |y PREZ  |7 0  |p 17A1354403  |o snkID 100843  |i snk2019/2865  |8 5  |0 0  |1 0  |4 0  |d 2005-04-05  |f 1  |l 0  |r 2005-04-05 00:00:00  |w 2026-02-24 
952 |t Fr Tt 3039  |a SNK  |b SNK  |c SNK_HF  |y PREZ  |7 0  |p 17A1354671  |o snkID 100843 D1  |i snk2019/3448  |8 5  |0 0  |1 0  |4 0  |d 2019-02-06  |f 1  |l 0  |r 2026-02-24 20:38:36  |w 2026-02-24